[Event "European Youth Chess Championship B14"]
[Site "Prague, Top Hotel Prague"]
[Date "2016.08.25"]
[Round "7.64"]
[White "Apergis, Iosif"]
[Black "Nemec, David"]
[Result "0-1"]
[WhiteElo "1203"]
[BlackElo "1721"]
[PlyCount "56"]
[EventDate "2016.08.18"]

1. e4 c5 2. Nf3 Nc6 3. d4 cxd4 4. Nxd4 Nf6 5. Nc3 g6 6. Be3 Bg7 7. f3 O-O 8.
Qd2 d5 9. Nxc6 bxc6 10. exd5 cxd5 11. Bb5 Bb7 12. Bc5 Qc7 13. Qf2 Rfc8 14. Bxa7
Rxa7 15. Qxa7 d4 16. Qxd4 Ne4 17. Qxg7+ Kxg7 18. fxe4 Qf4 19. Bd3 Qe3+ 20. Kf1
Rc6 21. Nd5 Qd2 22. Re1 Re6 23. Re2 Qc1+ 24. Re1 Qxb2 25. Kf2 Bxd5 26. exd5
Qd4+ 27. Kf1 Rf6+ 28. Ke2 Rf2+ 0-1

[Event "European Youth Chess Championship B14"]
[Site "Prague, Top Hotel Prague"]
[Date "2016.08.25"]
[Round "7.66"]
[White "Petrovic, Lazar"]
[Black "Balin, Daniel"]
[Result "1/2-1/2"]
[WhiteElo "1650"]
[BlackElo "1567"]
[PlyCount "112"]
[EventDate "2016.08.18"]

1. d4 Nf6 2. Nf3 e6 3. Bg5 c5 4. e3 b6 5. Be2 Bb7 6. O-O d5 7. c4 Nbd7 8. Nc3
Be7 9. cxd5 Nxd5 10. Nxd5 Bxg5 11. Nc7+ Qxc7 12. Nxg5 Qd8 13. Bf3 Bxf3 14. Nxf3
O-O 15. Ne5 Nxe5 16. dxe5 Qxd1 17. Rfxd1 Rfd8 18. Kf1 Rxd1+ 19. Rxd1 Kf8 20.
Rd7 Ke8 21. Rb7 Rd8 22. Rxa7 Rd2 23. b3 Rb2 24. Ke1 h6 25. Ra6 Kd7 26. Rxb6
Rxa2 27. Rb7+ Ke8 28. Rc7 Rb2 29. Rxc5 Rxb3 30. Rc7 Rb2 31. Rc8+ Ke7 32. Rg8 g6
33. h4 h5 34. Rc8 Rb5 35. f4 Rb2 36. Kf1 Kd7 37. Rf8 Ke7 38. Ra8 Kd7 39. Ra7+
Ke8 40. Ra1 Kd7 41. Re1 Kc6 42. Re2 Rb1+ 43. Kf2 Rd1 44. Kf3 Kd5 45. Rc2 Rf1+
46. Ke2 Rg1 47. Kf2 Rh1 48. Kg3 Ke4 49. Rc7 Re1 50. Rxf7 Rxe3+ 51. Kh2 Ra3 52.
Rf6 Ra5 53. g3 Kf3 54. Rxe6 Ra2+ 55. Kg1 Ra1+ 56. Kh2 Ra2+ 1/2-1/2

[Event "European Youth Chess Championship B14"]
[Site "Prague, Top Hotel Prague"]
[Date "2016.08.25"]
[Round "7.68"]
[White "Jamalov, Adam"]
[Black "Kriz, Tomas"]
[Result "1/2-1/2"]
[WhiteElo "1597"]
[BlackElo "1404"]
[PlyCount "116"]
[EventDate "2016.08.18"]

1. d4 d5 2. Nf3 Nf6 3. Bf4 Bg4 4. Ne5 Bf5 5. e3 Nbd7 6. c3 c6 7. Nd2 e6 8. Be2
Nxe5 9. Bxe5 Bd6 10. Nf3 O-O 11. h3 Ne4 12. Qb3 Bxe5 13. Nxe5 f6 14. Ng4 Qb6
15. Nh2 Qxb3 16. axb3 a6 17. g4 Bg6 18. Rg1 e5 19. dxe5 fxe5 20. Nf3 Rae8 21.
h4 Nc5 22. b4 Nb3 23. Ra3 Nc1 24. h5 Nxe2 25. Kxe2 Bd3+ 26. Kxd3 Rxf3 27. Ke2
Ref8 28. Rg2 e4 29. Ra1 Kf7 30. Rd1 Ke6 31. c4 R8f7 32. c5 Ke5 33. Rd4 b6 34.
cxb6 Rb7 35. Kd2 Rxb6 36. Kc3 Rb5 37. b3 a5 38. bxa5 Rxa5 39. Ra4 Rxa4 40. bxa4
d4+ 41. Kd2 d3 42. a5 Kd6 43. a6 Kc7 44. Kc3 c5 45. Kc4 d2 46. Rg1 Kb6 47. Rb1+
Kxa6 48. Kxc5 Rxf2 49. Kd4 Rg2 50. Kxe4 Rxg4+ 51. Kf3 Rg5 52. Rd1 Rd5 53. e4
Rxh5 54. Rxd2 Kb6 55. Rc2 Rc5 56. Re2 h6 57. Kf4 g5+ 58. Kg4 Kc6 1/2-1/2

[Event "European Youth Chess Championship B14"]
[Site "Prague, Top Hotel Prague"]
[Date "2016.08.25"]
[Round "7.69"]
[White "Antonioudakis, Dimitrios"]
[Black "Marko, Pirro"]
[Result "0-1"]
[WhiteElo "1187"]
[BlackElo "1441"]
[PlyCount "62"]
[EventDate "2016.08.18"]

1. e4 c5 2. Nf3 e6 3. d4 cxd4 4. Nxd4 Nf6 5. Nc3 d6 6. Be3 Be7 7. f3 O-O 8. Qd2
Nc6 9. g4 Nxd4 10. Bxd4 a6 11. h4 b5 12. Bxf6 Bxf6 13. g5 Be7 14. O-O-O Bb7 15.
Bd3 b4 16. Ne2 a5 17. Rdg1 Qb6 18. h5 d5 19. e5 Bc5 20. Bxh7+ Kxh7 21. Qd3+ Kg8
22. Rg4 a4 23. g6 Ba6 24. Qd1 b3 25. Nc3 Bc4 26. a3 Rfb8 27. h6 Be3+ 28. Kb1
bxc2+ 29. Qxc2 Bd3 30. gxf7+ Kxf7 31. Rxg7+ Kf8 0-1

[Event "European Youth Chess Championship B14"]
[Site "Prague, Top Hotel Prague"]
[Date "2016.08.25"]
[Round "7.70"]
[White "Cernicek, Matyas"]
[Black "Winkin, Pol"]
[Result "1/2-1/2"]
[WhiteElo "1461"]
[BlackElo "1391"]
[PlyCount "54"]
[EventDate "2016.08.18"]

1. e4 e5 2. Nf3 Nc6 3. Bb5 d6 4. d4 exd4 5. Nxd4 Bd7 6. Bxc6 Bxc6 7. Nxc6 bxc6
8. O-O Nf6 9. Re1 Be7 10. Nc3 O-O 11. f3 Re8 12. Be3 Bf8 13. Qd3 Nd7 14. Qa6
Nb6 15. Rad1 Qc8 16. Qd3 Qe6 17. Bf2 Nc4 18. Rb1 g6 19. b3 Nb6 20. Rbd1 Bg7 21.
g4 Qe5 22. Bd4 Qxd4+ 23. Qxd4 Bxd4+ 24. Rxd4 Nd7 25. Red1 Re5 26. f4 Re6 27. e5
d5 1/2-1/2

[Event "European Youth Chess Championship B14"]
[Site "Prague, Top Hotel Prague"]
[Date "2016.08.26"]
[Round "8.1"]
[White "Shubin, Kirill"]
[Black "Zarubitski, Viachaslau"]
[Result "1/2-1/2"]
[WhiteElo "2298"]
[BlackElo "2300"]
[PlyCount "83"]
[EventDate "2016.08.18"]

1. e4 c5 2. Nf3 e6 3. d4 cxd4 4. Nxd4 Nc6 5. Nc3 Qc7 6. Be3 a6 7. Qf3 Bd6 8.
O-O-O Be5 9. Nxc6 bxc6 10. Bd4 Bxd4 11. Rxd4 Nf6 12. Qg3 Qxg3 13. hxg3 d5 14.
Ra4 Ke7 15. Bd3 Ng4 16. Nd1 Ne5 17. Ra5 h5 18. Be2 g6 19. c4 Bb7 20. Nc3 d4 21.
Rxe5 dxc3 22. bxc3 a5 23. Rc5 Kd6 24. Rg5 c5 25. Rd1+ Kc6 26. f4 Rag8 27. Bf3
Ba6 28. e5+ Kc7 29. Rd6 Bxc4 30. Rc6+ Kd7 31. Rxc5 Rc8 32. Rxa5 Rc7 33. Kc2 Ke7
34. g4 h4 35. f5 Rd8 36. Be4 exf5 37. gxf5 Rcd7 38. fxg6 fxg6 39. Bf3 Rd2+ 40.
Kc1 Rf2 41. Ra7+ Kf8 42. Ra8 1/2-1/2

[Event "European Youth Chess Championship B14"]
[Site "Prague, Top Hotel Prague"]
[Date "2016.08.26"]
[Round "8.2"]
[White "Esipenko, Andrey"]
[Black "Pultorak, Jan"]
[Result "1/2-1/2"]
[WhiteElo "2490"]
[BlackElo "2296"]
[PlyCount "164"]
[EventDate "2016.08.18"]

1. e4 d5 2. exd5 Qxd5 3. Nc3 Qd6 4. d4 c6 5. Nf3 Bg4 6. Be2 Nd7 7. h3 Bh5 8.
O-O Ngf6 9. g3 e6 10. Bf4 Qb4 11. a3 Qb6 12. Na4 Qd8 13. b4 Be7 14. c4 Nb6 15.
Nxb6 Qxb6 16. Be3 Qc7 17. Qb3 O-O 18. g4 Bg6 19. Ne5 Nd7 20. Nxg6 hxg6 21. g5
a5 22. c5 b6 23. Rac1 axb4 24. axb4 Rfb8 25. Qd3 bxc5 26. bxc5 Rb4 27. Rc4 Raa4
28. Rxb4 Rxb4 29. Qc3 Ra4 30. Qb3 Ra5 31. Bd2 Ra8 32. Bd3 Qd8 33. h4 Bxc5 34.
Bxg6 Bxd4 35. Bb1 Ne5 36. Be4 Ng4 37. Bf4 Bxf2+ 38. Kg2 Qd4 39. Kf3 Bxh4 40.
Kxg4 Qxe4 41. Kxh4 e5 42. g6 Rf8 43. Qe3 Qc4 44. Rf2 f6 45. Qc1 Qe4 46. Qe3
Qxg6 47. Bg3 f5 48. Kh3 Qg4+ 49. Kg2 f4 50. Qb3+ Kh7 51. Kf1 Rf6 52. Rh2+ Rh6
53. Rxh6+ Kxh6 54. Bf2 e4 55. Qb8 Qd1+ 56. Kg2 Qf3+ 57. Kg1 e3 58. Qd6+ Kh7 59.
Qd3+ g6 60. Qd7+ Kh6 61. Bh4 Qd5 62. Qe7 g5 63. Be1 Kh5 64. Qe8+ Kg4 65. Qc8+
Kh5 66. Qe8+ Kg4 67. Qc8+ Kf3 68. Qh3+ Ke4 69. Qh7+ Qf5 70. Qh2 Qg4+ 71. Kf1
Qf3+ 72. Kg1 Qg4+ 73. Kf1 Qf3+ 74. Kg1 e2 75. Qh7+ Kd5 76. Qf7+ Kc5 77. Bf2+
Kb4 78. Qe7+ Kb3 79. Qe6+ Kc2 80. Qa2+ Kd3 81. Qb3+ Ke4 82. Qe6+ Kd3 1/2-1/2

[Event "European Youth Chess Championship B14"]
[Site "Prague, Top Hotel Prague"]
[Date "2016.08.26"]
[Round "8.3"]
[White "Lomasov, Semen"]
[Black "Sargsyan, Shant"]
[Result "1-0"]
[WhiteElo "2383"]
[BlackElo "2441"]
[PlyCount "93"]
[EventDate "2016.08.18"]

1. e4 e5 2. Nf3 Nc6 3. Bb5 a6 4. Ba4 Nf6 5. O-O Be7 6. Re1 b5 7. Bb3 d6 8. c3
O-O 9. h3 Bb7 10. d4 Re8 11. Nbd2 exd4 12. cxd4 Nd7 13. Nf1 Na5 14. Bc2 Bf6 15.
Rb1 c5 16. b4 cxb4 17. Rxb4 Rc8 18. a4 Qc7 19. Ne3 Bxe4 20. Bxe4 Rxe4 21. axb5
axb5 22. Qd3 Ree8 23. Rxb5 Nc4 24. Bd2 Nxe3 25. Rxe3 Nf8 26. Qb3 Ne6 27. Rb7
Qd8 28. Qd5 Rb8 29. Reb3 Rxb7 30. Rxb7 Qa8 31. Qb3 Bxd4 32. Bf4 Bc5 33. Kh2 h6
34. Bg3 Rf8 35. Nh4 Nd4 36. Qd5 Ne2 37. Ng6 Qa1 38. h4 Qg1+ 39. Kh3 Qh1+ 40.
Kg4 h5+ 41. Kxh5 Nxg3+ 42. fxg3 Qf1 43. Nxf8 Kxf8 44. Rb8+ Ke7 45. Qe4+ Kf6 46.
g4 g5 47. Rg8 1-0

[Event "European Youth Chess Championship B14"]
[Site "Prague, Top Hotel Prague"]
[Date "2016.08.26"]
[Round "8.4"]
[White "Engel, Luis"]
[Black "Matviishen, Viktor"]
[Result "0-1"]
[WhiteElo "2383"]
[BlackElo "2405"]
[PlyCount "106"]
[EventDate "2016.08.18"]

1. e4 e5 2. Nf3 Nc6 3. Nc3 Nf6 4. d4 exd4 5. Nxd4 Bb4 6. Nxc6 bxc6 7. Bd3 d5 8.
exd5 cxd5 9. O-O O-O 10. h3 c6 11. Qf3 Rb8 12. Bf4 Bd6 13. b3 Be6 14. Rfe1 Rb4
15. Bxd6 Qxd6 16. Rad1 Re8 17. Ne2 Rb7 18. c4 Rbe7 19. Qf4 Qxf4 20. Nxf4 dxc4
21. bxc4 g6 22. Rd2 Bc8 23. Rxe7 Rxe7 24. Be2 Kg7 25. Nd3 Bf5 26. Kf1 Ne4 27.
Rc2 Nc5 28. Rc3 Ne4 29. Rc2 Nc5 30. Rc3 Bxd3 31. Bxd3 Kf6 32. Be2 Rb7 33. Bf3
Rb1+ 34. Ke2 Rb2+ 35. Ke3 Rxa2 36. Bxc6 Ke5 37. Bd5 f6 38. f4+ Kd6 39. Kd4 Rd2+
40. Ke3 Ra2 41. Kd4 a5 42. Re3 a4 43. Re1 Rd2+ 44. Kc3 Rd3+ 45. Kc2 a3 46. Rb1
Re3 47. Rb6+ Ke7 48. Kb1 Nd3 49. f5 gxf5 50. Rb7+ Kd6 51. Rxh7 Nb4 52. Kc1 Re1+
53. Kd2 a2 0-1

[Event "European Youth Chess Championship B14"]
[Site "Prague, Top Hotel Prague"]
[Date "2016.08.26"]
[Round "8.5"]
[White "Guerra Rivera, Salvador"]
[Black "Keinanen, Toivo"]
[Result "1-0"]
[WhiteElo "2285"]
[BlackElo "2337"]
[PlyCount "51"]
[EventDate "2016.08.18"]

1. e4 e6 2. d4 d5 3. Nc3 Nf6 4. Bg5 Bb4 5. e5 h6 6. Be3 Ne4 7. Qg4 g6 8. a3
Bxc3+ 9. bxc3 c5 10. Bd3 Nxc3 11. dxc5 Nc6 12. Nf3 d4 13. Bd2 h5 14. Qg3 Qd5
15. O-O Ne4 16. Bxe4 Qxe4 17. Bg5 Qg4 18. Bf6 Rg8 19. Rfd1 Qxg3 20. hxg3 Bd7
21. Rab1 Na5 22. Nxd4 a6 23. Rb6 Rc8 24. Nb3 Nxb3 25. Rxb3 Rc7 26. c6 1-0

[Event "European Youth Chess Championship B14"]
[Site "Prague, Top Hotel Prague"]
[Date "2016.08.26"]
[Round "8.6"]
[White "Kozak, Adam"]
[Black "Sahin, Doga Boran"]
[Result "1-0"]
[WhiteElo "2376"]
[BlackElo "2107"]
[PlyCount "121"]
[EventDate "2016.08.18"]

1. c4 c6 2. Nf3 d5 3. e3 Nf6 4. Nc3 e6 5. b3 Nbd7 6. Bb2 Bd6 7. Qc2 O-O 8. Be2
a6 9. d4 e5 10. cxd5 cxd5 11. dxe5 Nxe5 12. O-O Be6 13. Rfd1 Rc8 14. Qd2 Qc7
15. h3 Rfd8 16. Rac1 Qb8 17. Nd4 Nc6 18. Nxc6 Rxc6 19. Na4 Rxc1 20. Rxc1 Ne4
21. Qd4 f6 22. Bf3 b5 23. Nc3 Be5 24. Qd3 Bf5 25. Qe2 Nxc3 26. Bxc3 Be4 27. Qd1
Bxf3 28. Qxf3 Bxc3 29. Rxc3 Qe5 30. Rc2 d4 31. exd4 Qxd4 32. Re2 Qd1+ 33. Kh2
Qd6+ 34. g3 Qd7 35. h4 h6 36. Qh5 Qf7 37. Qc5 Re8 38. Rc2 Qe6 39. Qa7 Re7 40.
Qa8+ Re8 41. Qb7 Re7 42. Qf3 Qe4 43. Rc8+ Kh7 44. Kg2 Kg6 45. Rc6 Qb1 46. Rxa6
Re1 47. Ra7 f5 48. Qb7 Qe4+ 49. Qxe4 fxe4 50. g4 e3 51. f4 e2 52. Re7 b4 53.
f5+ Kf6 54. Re6+ Kf7 55. h5 Kf8 56. Re4 Kf7 57. Re6 Kf8 58. Re4 Kf7 59. Kf2
Rf1+ 60. Kxe2 Ra1 61. Rxb4 1-0

[Event "European Youth Chess Championship B14"]
[Site "Prague, Top Hotel Prague"]
[Date "2016.08.26"]
[Round "8.7"]
[White "Baenziger, Fabian"]
[Black "Suvorov, Alexander"]
[Result "1-0"]
[WhiteElo "2325"]
[BlackElo "2059"]
[PlyCount "77"]
[EventDate "2016.08.18"]

1. Nf3 Nf6 2. g3 g6 3. Bg2 Bg7 4. O-O O-O 5. c4 d6 6. b3 Nc6 7. d4 a6 8. Bb2
Rb8 9. Qc1 Bd7 10. d5 Na7 11. Nbd2 c5 12. a4 e5 13. a5 Nh5 14. e4 Bh6 15. Nxe5
dxe5 16. Bxe5 Rc8 17. Bd6 Re8 18. f4 Bf8 19. Bxf8 Rxf8 20. e5 Bf5 21. Qd1 Qd7
22. Bf3 Rce8 23. Re1 Nc8 24. Bxh5 gxh5 25. Qxh5 Bg6 26. Qg5 f6 27. exf6 Nd6 28.
g4 Rxe1+ 29. Rxe1 Re8 30. Re7 Rxe7 31. fxe7 Nf7 32. Qf6 Qxg4+ 33. Kf2 Qd7 34.
Nf3 Qe8 35. d6 Qc8 36. h4 Be4 37. Ne5 Nxe5 38. fxe5 Bg6 39. d7 1-0

[Event "European Youth Chess Championship B14"]
[Site "Prague, Top Hotel Prague"]
[Date "2016.08.26"]
[Round "8.8"]
[White "Petkov, Matey"]
[Black "Henderson, De La Fuente Lance"]
[Result "1/2-1/2"]
[WhiteElo "2072"]
[BlackElo "2306"]
[PlyCount "94"]
[EventDate "2016.08.18"]

1. d4 Nf6 2. Bg5 d5 3. Nc3 Nbd7 4. Nf3 e6 5. e4 dxe4 6. Nxe4 Be7 7. Nxf6+ Nxf6
8. Bd3 O-O 9. O-O b6 10. Qe2 Bb7 11. Rfd1 Nd7 12. Bf4 Re8 13. c4 Bd6 14. Ne5
Qe7 15. Be4 Bxe4 16. Qxe4 Bxe5 17. Bxe5 c5 18. dxc5 Nxc5 19. Qg4 f6 20. Bd6 Qb7
21. Bxc5 bxc5 22. b3 Qc7 23. Rd3 Rad8 24. Rxd8 Qxd8 25. Rd1 Qc7 26. Qg3 Rd8 27.
Rxd8+ Qxd8 28. h3 Qd1+ 29. Kh2 e5 30. Qe3 Qd4 31. Kg3 Kf7 32. Qf3 g5 33. Kh2
Kg6 34. g3 e4 35. Qe2 f5 36. Kg2 h5 37. Qe1 h4 38. gxh4 f4 39. hxg5 Kxg5 40.
Qc1 e3 41. fxe3 fxe3 42. Kf3 Qf4+ 43. Ke2 Qf2+ 44. Kd3 Qf5+ 45. Ke2 Qf2+ 46.
Kd3 Qf5+ 47. Ke2 Qf2+ 1/2-1/2

[Event "European Youth Chess Championship B14"]
[Site "Prague, Top Hotel Prague"]
[Date "2016.08.26"]
[Round "8.9"]
[White "Gorshtein, Ido"]
[Black "Gavrilescu, David"]
[Result "1-0"]
[WhiteElo "2008"]
[BlackElo "2285"]
[PlyCount "77"]
[EventDate "2016.08.18"]

1. e4 c5 2. Nf3 a6 3. Nc3 b5 4. d4 cxd4 5. Nxd4 Bb7 6. Bd3 e6 7. O-O Qc7 8. Re1
Bc5 9. Be3 Be7 10. f4 d6 11. a3 Nf6 12. Bf2 Nbd7 13. Qe2 O-O 14. Rad1 Rfd8 15.
Kh1 g6 16. Bh4 e5 17. fxe5 Nxe5 18. Rf1 Nh5 19. Bxe7 Qxe7 20. Qf2 Rac8 21. Be2
Ng7 22. Nd5 Bxd5 23. exd5 Rc5 24. c3 Re8 25. Nb3 Rc7 26. Nd4 h5 27. a4 bxa4 28.
Ra1 Rb8 29. Bxa6 Ng4 30. Qd2 Qe4 31. Nf3 Nf5 32. Rfe1 Nge3 33. Bd3 Qxd5 34.
Rxe3 Nxe3 35. Qxe3 Rxb2 36. c4 Qa8 37. Qd4 a3 38. Qxb2 Qxf3 39. Qb8+ 1-0

[Event "European Youth Chess Championship B14"]
[Site "Prague, Top Hotel Prague"]
[Date "2016.08.26"]
[Round "8.10"]
[White "Vrolijk, Liam"]
[Black "Bango, Lukas"]
[Result "1-0"]
[WhiteElo "2221"]
[BlackElo "2058"]
[PlyCount "73"]
[EventDate "2016.08.18"]

1. d4 Nf6 2. c4 e6 3. Nf3 Bb4+ 4. Nbd2 d5 5. a3 Be7 6. g3 O-O 7. Bg2 b6 8. O-O
Bb7 9. Ne5 Nbd7 10. cxd5 exd5 11. Ndc4 c6 12. Nxd7 Nxd7 13. Ne3 Re8 14. b4 Ba6
15. Re1 Bf8 16. Bb2 Nf6 17. Rc1 Qd7 18. Qb3 Ne4 19. Rc2 Nd6 20. Rec1 Rac8 21.
Bf3 Kh8 22. a4 Bc4 23. Nxc4 dxc4 24. Rxc4 Nxc4 25. Qxc4 Qe7 26. Bc3 Qg5 27. e3
b5 28. Qxf7 Rxe3 29. Bb2 Re7 30. Qb3 bxa4 31. Qxa4 Qf6 32. Kg2 Rb7 33. Rc4 Qe6
34. d5 cxd5 35. Bg4 Rxc4 36. Bxe6 Rb8 37. Qxa7 1-0

[Event "European Youth Chess Championship B14"]
[Site "Prague, Top Hotel Prague"]
[Date "2016.08.26"]
[Round "8.11"]
[White "Sonis, Francesco"]
[Black "Mis, Mieszko"]
[Result "1/2-1/2"]
[WhiteElo "2427"]
[BlackElo "2041"]
[PlyCount "110"]
[EventDate "2016.08.18"]

1. d4 d5 2. c4 c6 3. Nc3 Nf6 4. e3 e6 5. Nf3 Nbd7 6. b3 Bd6 7. Be2 O-O 8. O-O
Qe7 9. Bb2 Re8 10. Qc2 a6 11. Rad1 b5 12. e4 b4 13. e5 bxc3 14. exd6 Qxd6 15.
Bxc3 Ne4 16. Ba5 Bb7 17. b4 Rac8 18. c5 Qb8 19. Bd3 f5 20. Ne1 g6 21. f3 Nef6
22. f4 Ne4 23. a4 h6 24. Qc1 Kh7 25. Nf3 Rg8 26. Ne5 Nxe5 27. fxe5 Rcf8 28. Qb2
g5 29. b5 axb5 30. axb5 Qe8 31. Bc7 g4 32. Ra1 cxb5 33. Bxb5 Bc6 34. Bxc6 Qxc6
35. Qb6 Qe8 36. Bd6 Rf7 37. Ra2 f4 38. c6 f3 39. g3 f2+ 40. Kg2 Rfg7 41. c7 Qh5
42. Rfxf2 Nxf2 43. Rxf2 Qg6 44. Re2 Qd3 45. Qb2 Qf3+ 46. Kg1 Rf7 47. Qc2+ Kg7
48. Re1 h5 49. Be7 Rxe7 50. c8=Q Rxc8 51. Qxc8 Qd3 52. Qd8 Qxd4+ 53. Kh1 Qb4
54. Rf1 Qe4+ 55. Kg1 Qd4+ 1/2-1/2

[Event "European Youth Chess Championship B14"]
[Site "Prague, Top Hotel Prague"]
[Date "2016.08.26"]
[Round "8.12"]
[White "Salemgareev, Tagir"]
[Black "Parkhov, Yair"]
[Result "1-0"]
[WhiteElo "2293"]
[BlackElo "2102"]
[PlyCount "113"]
[EventDate "2016.08.18"]

1. d4 Nf6 2. Nf3 e6 3. c4 b6 4. a3 Bb7 5. Nc3 d5 6. cxd5 exd5 7. g3 Be7 8. Bg2
O-O 9. O-O c5 10. Bf4 Na6 11. dxc5 bxc5 12. Qb3 Qb6 13. Qxb6 axb6 14. Nd2 Rfd8
15. Nc4 dxc4 16. Bxb7 Ra7 17. Bc6 Nc7 18. Rfd1 Ne6 19. Nb5 Ra6 20. Rxd8+ Nxd8
21. Bf3 Ne6 22. Be3 Ra4 23. Rd1 Ra5 24. Nd6 b5 25. Bd2 Ra6 26. Nxb5 Rb6 27. a4
Nd4 28. Bc3 Nxb5 29. axb5 Rxb5 30. Ra1 h6 31. Ra8+ Bf8 32. Kg2 Rb6 33. e4 Re6
34. e5 Nd7 35. Bg4 Re7 36. f4 Nb6 37. Rd8 Na4 38. Bd7 Nb6 39. Bb5 Ra7 40. f5
Na4 41. Bxa4 Rxa4 42. Kf3 Ra6 43. Ke4 g6 44. g4 h5 45. h3 hxg4 46. hxg4 gxf5+
47. gxf5 Rh6 48. Re8 Rh4+ 49. Kf3 Rh5 50. Kg4 Rh7 51. Kg5 Rg7+ 52. Kf6 Rh7 53.
e6 Rh6+ 54. Kg5 fxe6 55. fxe6 Rh7 56. Bf6 c3 57. bxc3 1-0

[Event "European Youth Chess Championship B14"]
[Site "Prague, Top Hotel Prague"]
[Date "2016.08.26"]
[Round "8.13"]
[White "Olsen, Filip Boe"]
[Black "Yeritsyan, Aram"]
[Result "1-0"]
[WhiteElo "2260"]
[BlackElo "2091"]
[PlyCount "73"]
[EventDate "2016.08.18"]

1. d4 d5 2. c4 c6 3. Nf3 Nf6 4. Qc2 dxc4 5. Qxc4 Bf5 6. Nc3 e6 7. g3 Be7 8. Bg2
Nbd7 9. O-O O-O 10. Re1 h6 11. e4 Bh7 12. Bf4 Re8 13. Rad1 Rc8 14. Qb3 Qb6 15.
Nd2 Qxd4 16. Nc4 Qc5 17. Bd6 Qh5 18. Qxb7 Nc5 19. Qxa7 Ra8 20. Qb6 Nfd7 21.
Qxc6 Bxd6 22. Nxd6 Reb8 23. b4 Ra6 24. Qc7 Rxb4 25. Nc8 g6 26. Rxd7 Nxd7 27.
Qxd7 Qc5 28. Ne2 Rc4 29. Ne7+ Kf8 30. Qd8+ Kg7 31. Rb1 Qc7 32. Qe8 Rxa2 33. Rb8
Kf6 34. Rc8 Qxe7 35. Qh8+ Kg5 36. Qe5+ f5 37. f4+ 1-0

[Event "European Youth Chess Championship B14"]
[Site "Prague, Top Hotel Prague"]
[Date "2016.08.26"]
[Round "8.14"]
[White "Kozak, Antoni"]
[Black "Teclaf, Pawel"]
[Result "0-1"]
[WhiteElo "2102"]
[BlackElo "2247"]
[PlyCount "56"]
[EventDate "2016.08.18"]

1. e4 c5 2. Nf3 e6 3. d4 cxd4 4. Nxd4 Nf6 5. Nc3 d6 6. g4 a6 7. g5 Nfd7 8. Be3
b5 9. Bg2 Bb7 10. h4 Qc7 11. f4 Nb6 12. Qd3 N8d7 13. Nb3 Nc4 14. O-O-O Rc8 15.
Bf2 g6 16. h5 Bg7 17. h6 Nxb2 18. Kxb2 Qxc3+ 19. Qxc3 Bxc3+ 20. Kb1 Ke7 21. Rd3
Bb4 22. Be1 Bxe1 23. Rxe1 Rhd8 24. Red1 Nc5 25. Nxc5 Rxc5 26. Bf3 Rc4 27. e5
Bxf3 28. exd6+ Rxd6 0-1

[Event "European Youth Chess Championship B14"]
[Site "Prague, Top Hotel Prague"]
[Date "2016.08.26"]
[Round "8.15"]
[White "Levitskiy, Andrey"]
[Black "Sahidi, Samir"]
[Result "1/2-1/2"]
[WhiteElo "2101"]
[BlackElo "2225"]
[PlyCount "53"]
[EventDate "2016.08.18"]

1. c4 c5 2. Nf3 Nf6 3. e3 d5 4. d4 cxd4 5. exd4 dxc4 6. Bxc4 e6 7. O-O Be7 8.
Nc3 O-O 9. Re1 Nc6 10. a3 a6 11. Bg5 h6 12. Bh4 b5 13. Bb3 Bb7 14. Bc2 g5 15.
Bg3 g4 16. Ne5 Nxd4 17. Bd3 Nf5 18. Nxg4 Nxg3 19. hxg3 Kg7 20. Nxf6 Bxf6 21.
Qg4+ Kh8 22. Rad1 Qe7 23. Qh5 Kg7 24. Qg4+ Kh8 25. Qh5 Kg7 26. Qg4+ Kh8 27. Qh5
1/2-1/2

[Event "European Youth Chess Championship B14"]
[Site "Prague, Top Hotel Prague"]
[Date "2016.08.26"]
[Round "8.16"]
[White "Kamer, Kayra"]
[Black "Nesterov, Arseniy"]
[Result "0-1"]
[WhiteElo "2041"]
[BlackElo "2216"]
[PlyCount "100"]
[EventDate "2016.08.18"]

1. Nf3 d5 2. g3 Nf6 3. Bg2 Bf5 4. O-O e6 5. d3 Be7 6. Nbd2 O-O 7. Nh4 Bg4 8. h3
Bh5 9. g4 Nfd7 10. gxh5 Bxh4 11. e4 c6 12. f4 h6 13. f5 Bg5 14. fxe6 fxe6 15.
Qg4 Qe7 16. Rxf8+ Nxf8 17. Nf3 Bxc1 18. Rxc1 Nbd7 19. e5 Qc5+ 20. Kh1 Nxe5 21.
Nxe5 Qe3 22. Rg1 Qxe5 23. d4 Qf6 24. Rf1 Qe7 25. Re1 Re8 26. h4 Qb4 27. Rg1 Re7
28. Rf1 Rf7 29. Rxf7 Kxf7 30. Qf4+ Kg8 31. b3 Qe1+ 32. Kh2 Qd1 33. Qb8 Qxd4 34.
Qxb7 Qxh4+ 35. Kg1 Qd4+ 36. Kh2 Qh4+ 37. Kg1 Qd4+ 38. Kh2 Qb6 39. Qe7 Qb8+ 40.
Kh1 e5 41. Bh3 e4 42. Be6+ Nxe6 43. Qxe6+ Kh8 44. c4 dxc4 45. Qxe4 cxb3 46.
axb3 Qxb3 47. Qe8+ Qg8 48. Qxc6 a5 49. Kg1 Qd8 50. Qb5 Qg5+ 0-1

[Event "European Youth Chess Championship B14"]
[Site "Prague, Top Hotel Prague"]
[Date "2016.08.26"]
[Round "8.17"]
[White "Shmavonyan, Areg"]
[Black "Mnatsakanian, Arsen"]
[Result "0-1"]
[WhiteElo "1998"]
[BlackElo "2195"]
[PlyCount "134"]
[EventDate "2016.08.18"]

1. d4 c5 2. d5 Nf6 3. Nc3 d6 4. e4 e6 5. Nf3 exd5 6. Nxd5 Be6 7. Bg5 Bxd5 8.
exd5 Be7 9. Bb5+ Nbd7 10. O-O O-O 11. Re1 Nb6 12. Qe2 Nc8 13. c4 Nxd5 14. Bxe7
Ndxe7 15. Rad1 Ng6 16. Qe4 Rb8 17. h4 Qf6 18. g3 a6 19. Ba4 Nb6 20. Bc2 Rfd8
21. h5 Nf8 22. Kg2 Qe6 23. b3 Qxe4 24. Bxe4 h6 25. Rd2 Nc8 26. Bf5 b5 27. Red1
Ne6 28. Ne5 Rb6 29. Ng6 Nd4 30. Bxc8 fxg6 31. Bg4 gxh5 32. Bxh5 bxc4 33. bxc4
Rb4 34. Rc1 Rdb8 35. Bg6 Rf8 36. Bd3 a5 37. f4 a4 38. Re1 Kf7 39. Be4 Rfb8 40.
Bd5+ Kf8 41. Kf2 Rb2 42. Red1 a3 43. Be4 Ke7 44. Ke3 Kd7 45. g4 R8b4 46. Bd3
Kc6 47. f5 d5 48. cxd5+ Kxd5 49. Be4+ Kd6 50. Kd3 Rxd2+ 51. Rxd2 Ke5 52. Bg2
Rb2 53. Bf1 Kf4 54. Rd1 Rxa2 55. Rc1 Rc2 56. Rxc2 Nxc2 57. Kxc2 Kxg4 58. Bd3 h5
59. Kb3 c4+ 60. Bxc4 Kxf5 61. Kxa3 g5 62. Kb3 Kf4 63. Kc3 Ke3 64. Kc2 g4 65.
Kd1 g3 66. Ke1 g2 67. Bf1 g1=Q 0-1

[Event "European Youth Chess Championship B14"]
[Site "Prague, Top Hotel Prague"]
[Date "2016.08.26"]
[Round "8.18"]
[White "Globus, Or"]
[Black "Petr, Jakub"]
[Result "1-0"]
[WhiteElo "2165"]
[BlackElo "1917"]
[PlyCount "63"]
[EventDate "2016.08.18"]

1. d4 Nf6 2. c4 g6 3. f3 d5 4. cxd5 Nxd5 5. e4 Nb6 6. Nc3 Bg7 7. Be3 O-O 8. Qd2
Nc6 9. O-O-O f5 10. e5 Nb4 11. Nh3 N4d5 12. Nxd5 Qxd5 13. Kb1 Be6 14. b3 Rfd8
15. Be2 a5 16. Nf4 Qd7 17. g4 a4 18. b4 Nc4 19. Qc1 Nxe3 20. Qxe3 Bh6 21. d5
Bxd5 22. Rxd5 Bxf4 23. Qxf4 Qc6 24. Rxd8+ Rxd8 25. gxf5 a3 26. f6 exf6 27. exf6
Qc3 28. Qc4+ Qxc4 29. Bxc4+ Kf8 30. f7 Rd4 31. Bb3 c5 32. bxc5 1-0

[Event "European Youth Chess Championship B14"]
[Site "Prague, Top Hotel Prague"]
[Date "2016.08.26"]
[Round "8.19"]
[White "Fus, Jakub"]
[Black "Tomasi, Albert"]
[Result "0-1"]
[WhiteElo "2044"]
[BlackElo "2276"]
[PlyCount "58"]
[EventDate "2016.08.18"]

1. d4 Nf6 2. c4 c5 3. d5 b5 4. cxb5 a6 5. f3 axb5 6. e4 Qa5+ 7. Bd2 b4 8. Na3
d6 9. Nc4 Qd8 10. a3 e6 11. dxe6 Bxe6 12. Ne3 Nbd7 13. axb4 Rxa1 14. Qxa1 d5
15. exd5 Nxd5 16. Nxd5 Bxd5 17. Bb5 cxb4 18. Qa4 Bc5 19. Kf1 O-O 20. Bxd7 Bc4+
21. Ke1 Qe7+ 22. Kd1 Rd8 23. Nh3 Rxd7 24. Re1 Qd8 25. Qc2 b3 26. Qc1 Bb4 27.
Re2 Rd4 28. Rf2 Qe7 29. Ng1 Qe3 0-1